Concerto per violoncello e orchestra : riduzione per violoncello e pianoforte (Record no. 28940)

000 -LEADER
fixed length control field 00695nam a22002057a 4500
003 - CONTROL NUMBER IDENTIFIER
control field OSt
005 - DATE AND TIME OF LATEST TRANSACTION
control field 20260427114112.0
008 - FIXED-LENGTH DATA ELEMENTS--GENERAL INFORMATION
fixed length control field 260427b ||||| |||| 00| 0 eng d
040 ## - CATALOGING SOURCE
Original cataloging agency BSHUA
Language of cataloging Shqip
050 ## - LIBRARY OF CONGRESS CALL NUMBER
Item number 785.6:787.3/Mal.
082 ## - DEWEY DECIMAL CLASSIFICATION NUMBER
Item number 785.6:787.3/Mal.
100 ## - MAIN ENTRY--PERSONAL NAME
Personal name Malipiero, G. F.
245 ## - TITLE STATEMENT
Title Concerto per violoncello e orchestra : riduzione per violoncello e pianoforte
260 ## - PUBLICATION, DISTRIBUTION, ETC. (IMPRINT)
Place of publication, distribution, etc Milano:
Name of publisher, distributor, etc Suvini Zerboni,
Date of publication, distribution, etc 1939.
300 ## - PHYSICAL DESCRIPTION
Extent 2 parte
653 ## - INDEX TERM--UNCONTROLLED
Uncontrolled term Muzika boterore - Muzika italiane - Muzika instrumentale - Muzike per violincel - Koncerti -
-- Koncert per Violincel dhe Piano -
-- Part Violinceli + part Piano
856 ## - ELECTRONIC LOCATION AND ACCESS
Link text Fulltext
942 ## - ADDED ENTRY ELEMENTS (KOHA)
Source of classification or shelving scheme
Koha item type Music Parts
953 ## - Fulltext
Is Fulltext Available Unavailable
Holdings
Withdrawn status Lost status Source of classification or shelving scheme Damaged status Not for loan Permanent Location Current Location Date acquired Cost, normal purchase price Full call number Barcode Date last seen Price effective from Koha item type
          Biblioteka e Universitetit te Arteve - Fondi i Mbyllur Biblioteka e Universitetit te Arteve - Fondi i Mbyllur 2026-04-27 300.00 785.6:787.3/Mal. 68517 2026-04-27 2026-04-27 Music Parts
^
Universiteti i Arteve, Tiranë
Projekt i realizuar më Tetor, 2011.
Powered by: Koha
Developed by: Erjon Sulaj